Länder, die São Tomé und Príncipe am Nächsten Liegen - Sudden Death - Statistiken

Allgemein
  • Dieses Quiz wurde 34 mal gespielt
  • Das Durchschnittsergebnis liegt bei 9 aus 15
Answers on the Grid
Answers color-coded by a green-red scale on the quiz's grid according to % correct below.
Äquatorialguinea
Gabun
Kamerun
Nigeria
Republik Kongo
Benin
Togo
Angola
Ghana
Demokratische Republik Kongo
Elfenbeinküste
Zentralafrikanische Republik
Burkina Faso
Tschad
Niger
Liberia
Guinea
Mali
Mauretanien
Sudan
Südsudan
Uganda
Ruanda
Burundi
Sambia
Tansania
Botswana
Simbabwe
Süd-Afrika
Namibia
 
Antwortstatistiken
Antwort % Korrekt
Äquatorialguinea
80%
Gabun
80%
Nigeria
80%
Ghana
77%
Kamerun
73%
Togo
73%
Elfenbeinküste
70%
Republik Kongo
70%
Angola
67%
Benin
63%
Demokratische Republik Kongo
60%
Zentralafrikanische Republik
50%
Niger
33%
Burkina Faso
30%
Tschad
7%
Keine übereinstimmenden Quizze gefunden
Verteilung der Resultate
Anzahl Personen mit jedem Resultat
Perzentil nach korrekt beantworteten Fragen
Ihre Resultats-Entwicklung
Sie haben dieses Quiz noch nicht gespielt